000 00876nam a2200277 i 4500
001 000048017
003 DO-SdBNP
005 20240110101706.0
006 a||||gr|||| 00| 0
007 ta
008 181029s1979 000 spa d
040 _aDO-SdBNP
_bspa
_cBNPHU
_erda
082 4 _222
_bV468c
100 _aVentura D. Román, Isabel de
_954845
_eautora
245 1 0 _aCurso de español.
_cIsabel Ventura D. de Román
264 _aSanto Domingo,
_bImpresmundo,
_c1979.
300 _a248 páginas ;
_c24 cm.
336 _2rdacontent
_atexto
_btxt
337 _2rdamedia
_asin mediación
_bn
338 _2rdacarrier
_avolumen
_bnc
500 _aIncluye datos biográficos de la autora en la contracubierta.
500 _aLa biblioteca posee el volumen 1
504 _aBibliografía: páginas 247 - 248
590 _aInventariado 2024 / MF
942 _2ddc
_cLBS1
999 _c47505
_d47505